Представление документа в формате MARC21

Поле Инд. ПП Название Значение
Тип записи a
Библиографический уровень b
001 Контрольный номер RU/IS/BASE/492021859
005 Дата корректировки 20220201134712.7
008 Кодируемые данные 20150804
040 b Код языка каталог. rus
e Правила каталог. PSBO
041 0_ a Код языка текста rus
084 a Индекс другой классификации/Индекс ББК 88.72-2
100 1_ a Автор Гончаров О. А.
q Полное имя Гончаров Олег Анатольевич
100 1_ a Автор Романов С. Г.
q Полное имя Романов Степан Геннадьевич
245 10 a Заглавие Развитие категориального восприятия цвета при речевых расстройствах
504 a Библиография Лит. в конце статьи
650 14 a Основная рубрика клиническая психология (медицинская психология)
a Основная рубрика психология
a Основная рубрика специальная психология
653 1_ a Ключевые слова асимметрия мозга
a Ключевые слова восприятие цвета
a Ключевые слова дети
a Ключевые слова детская психология
a Ключевые слова дошкольники
a Ключевые слова зрительный поиск
a Ключевые слова категориальное восприятие
a Ключевые слова культурно-историческая теория
a Ключевые слова нарушения развития речи
a Ключевые слова недоразвитие речи
a Ключевые слова познавательные процессы
a Ключевые слова психосоматические расстройства
a Ключевые слова различение цветов
a Ключевые слова расстройства речи
a Ключевые слова теория лингвистической относительности
a Ключевые слова функциональная асимметрия полушарий мозга
773 08 t Заглавие источника Культурно-историческая психология
d Дата издания источника 2014
g Прочая информация № 2. - С. 78 - 85 : табл., граф.
w Контрольный № источника RU/IS/BASE/464192925
901 t Тип документа b